LEADER 01058nam--2200337---450- 001 990006170460203316 005 20160927121223.0 035 $a000617046 035 $aUSA01000617046 035 $a(ALEPH)000617046USA01 035 $a000617046 100 $a20160927d1974----km-y0itay50------ba 101 $aita 102 $aIT 105 $a||||||||001yy 200 1 $aDocumenti intorno all'umanista vercellese Leonardo Della Serrata$fGiorgio Nonni 210 $aNapoli$cArmanni$d[1974] 215 $ap. 279-294$d24 cm 300 $aEstr. da: Giornale italiano di Filologia, n.s. 5. [26.], 3, 1974 600 1$aDella Serrata,$bLeonardo$xStudi$2BNCF 676 $a852.2 700 1$aNONNI,$bGiorgio$0154339 801 0$aIT$bsalbc$gISBD 912 $a990006170460203316 951 $aXV.3.Misc. 124$cXV.3.$d388201 959 $aBK 969 $aPAP 979 $aGIUSY$b90$c20160927$lUSA01$h1118 979 $aGIUSY$b90$c20160927$lUSA01$h1212 996 $aDocumenti intorno all'umanista vercellese Leonardo Della Serrata$91393741 997 $aUNISA LEADER 01380nas0 22003253i 450 001 CFI0458918 005 20231121125453.0 011 $a1721-4157 017 70$aP 00237024$2P 020 $aIT$b2000-515S 100 $a20121219b20002011||||0itac50 ba 101 | $aita 102 $ait 110 $aa|u|||||||| 181 1$6z01$ai $bxxxe 182 1$6z01$an 200 1 $aHandicap grave$eritardo mentale e pluriminorazioni sensoriali$erivista quadrimestrale 207 0$aVol. 1, n. 1 (gen. 2000)-vol. 12, n. 3 (set. 2011). 210 $aTrento$cErickson$d\2000!- 215 $av.$d24 cm. 606 $aPsicologia$xPeriodici$2FIR$3CFIC013975$9I 676 $a362.405$9$v21 801 3$aIT$bIT-01$c20121219 850 $aIT-FR0017 899 $aBiblioteca umanistica Giorgio Aprea$bFR0017 912 $aCFI0458918 950 0$aBiblioteca umanistica Giorgio Aprea$cVol.5, fasc. 1-2-3 (2004)$d 52PER.IT. 184b$e 52VP 0000198585 VP RS 5 (2004)$fC $h20040929$i20121204$cVol.4, fasc. 1 (2003)3 fasc.: 1-3$d 52PER.IT. 184b$e 52VP 0000011815 VP RS 4 (2003)$fC $h20040211$i20121204$cVol. 3, fasc. 1 (2002)3 fasc.: 1-3$d 52PER.IT. 184b$e 52VP 0000011805 VP RS 3 (2002)$fC $h20040211$i20121204 977 $a 52 996 $aHandicap grave$91412128 997 $aUNICAS